000 00504nam a2200181Ia 4500
999 _c35162
_d35162
003 OSt
005 20201218124057.0
008 190216s9999||||xx |||||||||||||| ||und||
040 _coclc
082 _a903
_bBUT/E
100 _aButler, Audrey
_97680
245 0 _aEveryman`s Dictionary Of Dates /
_cAudrey Butler
250 _a5th Ed.
260 _bJ M Dent and Sons,
_c1967.
_aLondon:
300 _a456p
650 _aDictionaries
942 _cREF
_2ddc
_h903
_iBUT/E
_k903
_mBUT/E